[Event "VII Weekend Primavera"]
[Site "Genova ITA"]
[Date "2004.03.13"]
[Round "2"]
[White "Nikolajevic, Tihomir"]
[Black "Fossati, Remigio"]
[Result "0-1"]
[WhiteElo "1728"]
[BlackElo "2109"]
[PlyCount "94"]
[EventDate "2004.03.12"]

1. d4 Nf6 2. Nf3 g6 3. Bg5 Bg7 4. Nbd2 c5 5. c3 cxd4 6. Nxd4 d5 7. N2f3 O-O 8.
e3 Nc6 9. Be2 Re8 10. Bf4 Ne4 11. Nxc6 bxc6 12. Be5 f6 13. Bg3 e5 14. O-O Rb8
15. Qc1 Qb6 16. b3 c5 17. Nd2 Nxg3 18. hxg3 Ba6 19. Bxa6 Qxa6 20. Qc2 e4 21.
Rad1 f5 22. Nb1 Qe6 23. Nd2 Rbd8 24. Rfe1 Be5 25. Nf1 Qf6 26. Rc1 Kg7 27. Red1
h5 28. f4 Bc7 29. Qe2 a6 30. Kf2 Rd7 31. Nd2 Red8 32. Nf1 Bb8 33. Ke1 Rd6 34.
Rd2 R8d7 35. Qd1 Bc7 36. b4 cxb4 37. cxb4 Bb6 38. Ke2 d4 39. exd4 Bxd4 40. Qc2
Qd8 41. Rcd1 Qb6 42. a3 e3 43. Rd3 Qb7 44. Ke1 Qe4 45. Nxe3 Bxe3 46. Rxd6 Qxc2
47. Rxd7+ Kh6 0-1

[Event "VII Weekend Primavera"]
[Site "Genova ITA"]
[Date "2004.03.13"]
[Round "3"]
[White "Caputi, Giuliano"]
[Black "Banchio, Davide"]
[Result "0-1"]
[WhiteElo "1600"]
[BlackElo "1747"]
[PlyCount "59"]
[EventDate "2004.03.12"]

1. c4 f5 2. Nf3 Nf6 3. Nc3 g6 4. e3 Bg7 5. d4 O-O 6. Bd3 d6 7. O-O Nc6 8. d5
Ne5 9. Nxe5 dxe5 10. e4 f4 11. f3 g5 12. Qe1 e6 13. b3 exd5 14. cxd5 g4 15. Kh1
Nh5 16. Ba3 Rf6 17. Kg1 Rg6 18. Kh1 g3 19. Bc5 gxh2 20. Bf2 Qg5 21. Bg3 Nxg3+
22. Kxh2 Nxf1+ 23. Bxf1 c6 24. Rd1 cxd5 25. exd5 Qh5+ 26. Kg1 Qxf3 27. Ne4 Bh3
28. Rd2 Bf5 29. Nc5 e4 30. Rf2 0-1

[Event "VII Weekend Primavera"]
[Site "Genova ITA"]
[Date "2004.03.13"]
[Round "3"]
[White "Falcone, Giancarlo"]
[Black "Cardona, Paolo"]
[Result "0-1"]
[WhiteElo "1594"]
[BlackElo "1753"]
[PlyCount "78"]
[EventDate "2004.03.12"]

1. d4 d5 2. Nf3 Nf6 3. c4 g6 4. Nc3 Bg7 5. Bf4 O-O 6. e3 c6 7. h3 dxc4 8. Bxc4
Nbd7 9. O-O Qa5 10. Qb3 e6 11. e4 h6 12. Bd6 Re8 13. e5 Nd5 14. Nxd5 exd5 15.
Bd3 Nf8 16. Rfe1 Qd8 17. Qc2 Ne6 18. b4 Bd7 19. Rab1 Rc8 20. Qd2 Kh7 21. a4 h5
22. b5 Bh6 23. Qb4 Ng5 24. Nxg5+ Qxg5 25. Re3 cxb5 26. Bxb5 Bf5 27. Ree1 Rg8
28. Be7 a5 29. Bxg5 axb4 30. Bxh6 Kxh6 31. Rb3 Rc7 32. Rxb4 Rgc8 33. Re2 Rc1+
34. Kh2 h4 35. Reb2 Ra1 36. g3 Be4 37. gxh4 Rc3 38. f3 Rxf3 39. R2b3 Rf5 0-1

[Event "VII Weekend Primavera"]
[Site "Genova ITA"]
[Date "2004.03.13"]
[Round "3"]
[White "Fossati, Remigio"]
[Black "Caleffi, Cesare"]
[Result "1-0"]
[WhiteElo "2109"]
[BlackElo "1828"]
[PlyCount "39"]
[EventDate "2004.03.12"]

1. e4 c6 2. d4 d5 3. e5 Qb6 4. Be2 Bf5 5. Nf3 e6 6. O-O h6 7. b3 c5 8. Be3 Nc6
9. Nc3 Qa5 10. Na4 cxd4 11. Nxd4 Nxd4 12. Bxd4 a6 13. Bb6 Qb4 14. c4 dxc4 15.
Bf3 Be7 16. Bxb7 Rb8 17. Bc6+ Kf8 18. Qd7 g5 19. Bc7 cxb3 20. a3 1-0

[Event "VII Weekend Primavera"]
[Site "Genova ITA"]
[Date "2004.03.13"]
[Round "3"]
[White "Maiori, Nicola"]
[Black "Gardini, Enrico"]
[Result "0-1"]
[WhiteElo "1813"]
[BlackElo "1620"]
[PlyCount "118"]
[EventDate "2004.03.12"]

1. d4 d5 2. Nf3 Nf6 3. Nbd2 Bg4 4. Ne5 Bf5 5. e3 Nbd7 6. Ndf3 Nxe5 7. Nxe5 Nd7
8. Bd3 Bxd3 9. Nxd3 e6 10. O-O Bd6 11. f4 O-O 12. Rf3 Nf6 13. Rh3 b6 14. Bd2 c5
15. Ne5 cxd4 16. exd4 Ne4 17. Qh5 Nf6 18. Qh4 h6 19. Be3 Ne4 20. Qg4 Nf6 21.
Qf3 Ne4 22. Ng4 f5 23. Ne5 Bxe5 24. fxe5 Ng5 25. Bxg5 Qxg5 26. Rg3 Qd2 27. Qe3
Qxe3+ 28. Rxe3 Rac8 29. c3 Rc7 30. Rc1 b5 31. b3 Rb8 32. Kf1 Kf7 33. Ke2 g5 34.
Kd3 f4 35. Rf3 Kg6 36. h4 Rf7 37. hxg5 hxg5 38. g3 Rbf8 39. g4 Rh8 40. c4 bxc4+
41. bxc4 dxc4+ 42. Rxc4 Rh4 43. Rc6 Rxg4 44. d5 Kf5 45. Rxe6 Rg3 46. Ke2 Kg4
47. Rf2 Re3+ 48. Kf1 Kf5 49. Rg2 Rg7 50. Re2 Rf3+ 51. Kg2 Rg3+ 52. Kf2 Rf7 53.
Re8 Rd3 54. e6 Rh7 55. Rf8+ Kg4 56. Kf1 Rd1+ 57. Kg2 Rhh1 58. Rd2 Rxd2+ 59.
Kxh1 Kg3 0-1

[Event "VII Weekend Primavera"]
[Site "Genova ITA"]
[Date "2004.03.13"]
[Round "3"]
[White "Manfredi, Vincenzo"]
[Black "Gromovs, Sergejs"]
[Result "1-0"]
[WhiteElo "1909"]
[BlackElo "2297"]
[PlyCount "97"]
[EventDate "2004.03.12"]

1. d4 Nf6 2. c4 g6 3. Nc3 Bg7 4. e4 d6 5. f3 O-O 6. Be3 c5 7. Nge2 Nc6 8. Qd2
Qa5 9. Rc1 a6 10. d5 Ne5 11. Ng3 h5 12. Be2 h4 13. Nf1 h3 14. Rg1 hxg2 15. Ng3
b5 16. Bh6 b4 17. Nd1 Bxh6 18. Qxh6 b3+ 19. Nc3 bxa2 20. Ra1 Qb4 21. Rxa2 Nxc4
22. Bxc4 Qxc4 23. Nf5 Bxf5 24. exf5 Qd4 25. Ne2 Qb4+ 26. Kf2 Nh7 27. Rxg2 Kh8
28. Rg4 g5 29. Rxb4 cxb4 30. Ng3 a5 31. b3 Rg8 32. Re2 Ra7 33. Nh5 a4 34. Rc2
Raa8 35. bxa4 b3 36. Rc7 b2 37. Rb7 g4 38. Rxb2 gxf3 39. Kxf3 Rg5 40. Ke3 Rag8
41. Rb7 Rg1 42. a5 Ra1 43. Rb8 Ra3+ 44. Kd2 Ra2+ 45. Kc3 Rag2 46. Rxg8+ Kxg8
47. a6 Nf6 48. Nxf6+ exf6 49. Qxf6 1-0

[Event "VII Weekend Primavera"]
[Site "Genova ITA"]
[Date "2004.03.13"]
[Round "3"]
[White "Molina, Fabrizio"]
[Black "De Florio, Federico"]
[Result "1/2-1/2"]
[WhiteElo "2243"]
[BlackElo "1846"]
[PlyCount "124"]
[EventDate "2004.03.12"]

1. c4 c6 2. Nf3 Nf6 3. g3 d5 4. b3 Bf5 5. Bg2 e6 6. O-O Be7 7. d3 O-O 8. Bb2
Nbd7 9. Re1 Re8 10. Nc3 Bb4 11. a3 Bxc3 12. Bxc3 e5 13. cxd5 Nxd5 14. Bb2 Bg4
15. Qc2 Rc8 16. Rad1 Qe7 17. Qc4 Be6 18. Qc2 Bg4 19. e4 Nc7 20. d4 exd4 21.
Rxd4 Nb5 22. Rd2 Qc5 23. h3 Qxc2 24. Rxc2 Bxf3 25. Bxf3 Ne5 26. Be2 Nd6 27. f4
Ng6 28. e5 Nf5 29. Kf2 Rcd8 30. Bc4 Nf8 31. g4 Nd4 32. Rd2 Nde6 33. Rxd8 Rxd8
34. Ke3 b5 35. Be2 Nc5 36. b4 Na4 37. Bd4 Ne6 38. Rd1 Nb6 39. Bxb6 Rxd1 40.
Bxd1 axb6 41. f5 Nc7 42. Kd4 Na6 43. Bf3 Nb8 44. e6 f6 45. g5 Kf8 46. h4 Ke7
47. h5 h6 48. g6 Kd6 49. Bg2 c5+ 50. bxc5+ bxc5+ 51. Kc3 Na6 52. Bf1 Nc7 53.
Bg2 Ne8 54. Kb3 Kc7 55. a4 bxa4+ 56. Kxa4 Nd6 57. Bh3 Kb6 58. Kb3 Kb5 59. Kc3
Kb6 60. Kd3 Kc6 61. Bg2+ Kc7 62. Bh3 Kc6 1/2-1/2

[Event "VII Weekend Primavera"]
[Site "Genova ITA"]
[Date "2004.03.13"]
[Round "3"]
[White "Rodriguez Alvarez, Alan"]
[Black "Gandolfi, Gianfranco"]
[Result "1-0"]
[WhiteElo "2070"]
[BlackElo "1996"]
[PlyCount "63"]
[EventDate "2004.03.12"]

1. e4 e5 2. Nf3 Nc6 3. Bb5 a6 4. Ba4 Nf6 5. O-O Be7 6. Re1 b5 7. Bb3 O-O 8. c3
d5 9. exd5 Nxd5 10. Nxe5 Nxe5 11. Rxe5 c6 12. d4 Bd6 13. Re1 Qh4 14. g3 Qh3 15.
Re4 Bd7 16. Bxd5 cxd5 17. Rh4 Qf5 18. Be3 g6 19. Nd2 h5 20. Nf3 Be7 21. Rf4 Qh3
22. Ne5 Bf5 23. Qf1 Qxf1+ 24. Rxf1 Be4 25. f3 g5 26. fxe4 gxf4 27. Bxf4 dxe4
28. Bh6 f5 29. Bxf8 Rxf8 30. Ng6 Rf7 31. Nxe7+ Rxe7 32. Rxf5 1-0

[Event "VII Weekend Primavera"]
[Site "Genova ITA"]
[Date "2004.03.13"]
[Round "3"]
[White "Traverso, Massimiliano"]
[Black "Del Nevo, Claudio"]
[Result "0-1"]
[WhiteElo "1720"]
[BlackElo "1953"]
[PlyCount "48"]
[EventDate "2004.03.12"]

1. e4 d6 2. d4 Nf6 3. Nc3 g6 4. Nf3 Bg7 5. Bf4 Bg4 6. h3 Bxf3 7. Qxf3 c6 8.
O-O-O Nh5 9. Be3 Qa5 10. Bc4 O-O 11. Bb3 Nd7 12. h4 e6 13. g4 Nhf6 14. h5 c5
15. hxg6 hxg6 16. Qh3 cxd4 17. Bh6 dxc3 18. Bxg7 Qg5+ 19. Kb1 Kxg7 20. Rdf1 Rh8
21. Qxc3 Rxh1 22. Rxh1 Rh8 23. Rxh8 Kxh8 24. Ba4 Ne5 0-1

[Event "VII Weekend Primavera"]
[Site "Genova ITA"]
[Date "2004.03.14"]
[Round "4"]
[White "De Florio, Federico"]
[Black "Rodriguez Alvarez, Alan"]
[Result "1-0"]
[WhiteElo "1846"]
[BlackElo "2070"]
[PlyCount "97"]
[EventDate "2004.03.12"]

1. d4 Nf6 2. c4 e6 3. Nc3 Bb4 4. Qc2 O-O 5. e4 c5 6. Nf3 Nc6 7. dxc5 Bxc3+ 8.
bxc3 Qa5 9. Bd3 h6 10. O-O Qxc5 11. a4 Re8 12. Ba3 Qh5 13. Bd6 e5 14. c5 g5 15.
Rae1 g4 16. Nd2 Nd8 17. Nc4 b6 18. Re3 bxc5 19. Rg3 Nb7 20. h3 Kh8 21. Qd2 Re6
22. Bf8 Kh7 23. hxg4 Qg5 24. Qxg5 hxg5 25. a5 Kg8 26. Bh6 Nh7 27. Rh3 Nd8 28.
Rh5 f6 29. Ne3 Ba6 30. Bb1 Rc8 31. Ba2 c4 32. Rd1 Bb5 33. Nf5 Nb7 34. a6 Na5
35. Nd6 Rxd6 36. Rxd6 Nb3 37. f4 Nc1 38. Rd2 exf4 39. e5 Rc5 40. exf6 Re5 41.
Kf2 d5 42. Bb1 Nxf6 43. Rxg5+ Rxg5 44. Bxg5 Nxg4+ 45. Kf3 Nb3 46. Re2 Nc1 47.
Re7 Nh2+ 48. Kxf4 Ne2+ 49. Rxe2 1-0

[Event "VII Weekend Primavera"]
[Site "Genova ITA"]
[Date "2004.03.14"]
[Round "4"]
[White "Gentile, Claudio"]
[Black "Manfredi, Vincenzo"]
[Result "0-1"]
[WhiteElo "2147"]
[BlackElo "1909"]
[PlyCount "68"]
[EventDate "2004.03.12"]

1. e4 c5 2. Nf3 e6 3. d4 cxd4 4. Nxd4 Nf6 5. Nc3 d6 6. Be2 Nc6 7. Be3 Be7 8.
O-O O-O 9. Qd2 Qc7 10. Rad1 a6 11. f3 Bd7 12. Bf2 Rac8 13. g4 Nxd4 14. Qxd4 Bc6
15. Bd3 b5 16. Qe3 Rfe8 17. Bg3 Nd7 18. h4 Qb7 19. g5 b4 20. Ne2 e5 21. f4 d5
22. fxe5 Bc5 23. Nd4 dxe4 24. Bc4 Bd5 25. Bxd5 Qxd5 26. Bf2 Nxe5 27. Qf4 Ng6
28. Qg3 Bd6 29. Qh3 Nf4 30. Qe3 Bb8 31. Nb3 Qe5 32. Bg3 Ne2+ 33. Qxe2 Qxg3+ 34.
Qg2 Ba7+ 0-1

[Event "VII Weekend Primavera"]
[Site "Genova ITA"]
[Date "2004.03.14"]
[Round "4"]
[White "Gromovs, Sergejs"]
[Black "Traverso, Massimiliano"]
[Result "1-0"]
[WhiteElo "2297"]
[BlackElo "1720"]
[PlyCount "107"]
[EventDate "2004.03.12"]

1. d4 d5 2. Nf3 Nf6 3. c4 e6 4. Nc3 Be7 5. Bf4 O-O 6. e3 c6 7. Qc2 Nbd7 8. a3
a6 9. h3 h6 10. Be2 dxc4 11. Bxc4 b5 12. Ba2 c5 13. Rd1 Qb6 14. O-O Bb7 15. Ne5
Rfd8 16. Bb1 Nf8 17. dxc5 Bxc5 18. Rxd8 Rxd8 19. Rd1 Be7 20. Rxd8 Qxd8 21. Qd3
Qxd3 22. Bxd3 N8d7 23. f3 Nxe5 24. Bxe5 Nd7 25. Bd4 Bc5 26. Bxc5 Nxc5 27. Bc2
Kf8 28. Kf2 Ke7 29. e4 Kd6 30. Ke3 f6 31. f4 Bc6 32. g3 Bb7 33. h4 Bc6 34. Ne2
Bb7 35. Nd4 Bc8 36. Nf3 Nd7 37. Kd4 e5+ 38. Kc3 Kc5 39. b4+ Kd6 40. a4 Bb7 41.
Nd2 Nb6 42. axb5 axb5 43. Bd3 Bc6 44. Nb1 Kc7 45. Na3 Na4+ 46. Kb3 Kb6 47. Nc2
Bd7 48. Ne3 Be6+ 49. Kc2 Kc6 50. Be2 Nb6 51. Kc3 Na4+ 52. Kd2 Nb6 53. Kc2 Bd7
54. Bh5 1-0

[Event "VII Weekend Primavera"]
[Site "Genova ITA"]
[Date "2004.03.14"]
[Round "5"]
[White "Atteo, Domenico"]
[Black "Gentile, Claudio"]
[Result "1-0"]
[WhiteElo "1699"]
[BlackElo "2147"]
[PlyCount "71"]
[EventDate "2004.03.12"]

1. e4 d5 2. exd5 Qxd5 3. Nc3 Qd8 4. d4 Nf6 5. Bg5 Nd5 6. Bc4 c6 7. Qf3 Be6 8.
O-O-O Qd6 9. Nh3 Nxc3 10. Bxe6 Qxe6 11. Qxc3 Qd5 12. Kb1 e6 13. Bh4 Be7 14.
Bxe7 Kxe7 15. Nf4 Qd6 16. g3 Rd8 17. d5 e5 18. Rhe1 f6 19. Ne6 Rd7 20. Nxg7 Kf8
21. Nf5 Qc7 22. d6 Qb6 23. Qd2 Qd8 24. Qh6+ Kg8 25. Ne7+ Rxe7 26. dxe7 Qxe7 27.
Rd2 Nd7 28. Red1 Nb6 29. Qh3 Qg7 30. Qe6+ Qf7 31. Qg4+ Qg6 32. Rd8+ Rxd8 33.
Rxd8+ Kg7 34. Qxg6+ hxg6 35. Rb8 f5 36. Rxb7+ 1-0

[Event "VII Weekend Primavera"]
[Site "Genova ITA"]
[Date "2004.03.14"]
[Round "5"]
[White "Caputi, Giuliano"]
[Black "Orlandi, Claudio"]
[Result "1/2-1/2"]
[WhiteElo "1600"]
[BlackElo "1635"]
[PlyCount "72"]
[EventDate "2004.03.12"]

1. e4 g6 2. d4 Bg7 3. Bc4 c6 4. Bb3 d6 5. Nf3 Nf6 6. Qd3 O-O 7. O-O Bg4 8. c3
Nbd7 9. h3 Bxf3 10. Qxf3 e5 11. dxe5 Nxe5 12. Qe2 d5 13. exd5 Nxd5 14. Nd2 Nf4
15. Qe4 Nfd3 16. Nc4 Nxc4 17. Bxc4 Nxc1 18. Raxc1 Re8 19. Qf3 Qf6 20. Qxf6 Bxf6
21. Rcd1 Re7 22. Rd6 Be5 23. Rd3 b5 24. Bb3 a5 25. Rfd1 Rae8 26. a3 Bc7 27. Kf1
Kf8 28. Rd7 a4 29. Ba2 h5 30. Rxe7 Rxe7 31. c4 Be5 32. cxb5 cxb5 33. b3 axb3
34. Bxb3 Ra7 35. Rd5 Bb2 36. Rxb5 Bxa3 1/2-1/2

[Event "VII Weekend Primavera"]
[Site "Genova ITA"]
[Date "2004.03.14"]
[Round "5"]
[White "Caridi, Nicolo'"]
[Black "Gandolfi, Gianfranco"]
[Result "1-0"]
[WhiteElo "1756"]
[BlackElo "1996"]
[PlyCount "81"]
[EventDate "2004.03.12"]

1. d4 Nf6 2. c4 e6 3. g3 c5 4. Nf3 d5 5. Bg2 cxd4 6. Nxd4 Bb4+ 7. Bd2 Bxd2+ 8.
Nxd2 O-O 9. O-O Nc6 10. N2f3 Nxd4 11. Qxd4 dxc4 12. Qxc4 Qb6 13. Qd4 Qxd4 14.
Nxd4 Bd7 15. Rac1 Rac8 16. Bxb7 Rxc1 17. Rxc1 e5 18. Nb3 Bh3 19. Bg2 Be6 20.
Rc7 h6 21. Rxa7 Rd8 22. Ra8 Rxa8 23. Bxa8 Bxb3 24. axb3 Kf8 25. Kf1 Nd7 26. Ke1
Nb6 27. Be4 Ke7 28. Kd2 Kd6 29. Kc3 Kc5 30. b4+ Kb5 31. Bd3+ Kc6 32. Bc4 f6 33.
Bb3 g5 34. Kd3 f5 35. Be6 f4 36. Ke4 Kd6 37. Bb3 fxg3 38. hxg3 h5 39. Bf7 h4
40. gxh4 gxh4 41. Kf3 1-0

[Event "VII Weekend Primavera"]
[Site "Genova ITA"]
[Date "2004.03.14"]
[Round "5"]
[White "Carosso, Andrea"]
[Black "Scuderi, David"]
[Result "0-1"]
[WhiteElo "2073"]
[BlackElo "1831"]
[PlyCount "78"]
[EventDate "2004.03.12"]

1. c4 e5 2. Nc3 f5 3. g3 Nf6 4. Bg2 d6 5. e3 Be7 6. Nge2 c6 7. O-O O-O 8. d3
Be6 9. b3 Nbd7 10. h3 Qe8 11. f4 e4 12. Nd4 Qf7 13. Nxe6 Qxe6 14. dxe4 Nxe4 15.
Nxe4 fxe4 16. Ba3 Nc5 17. Bxc5 dxc5 18. Qc2 Bf6 19. Rad1 Rad8 20. Kf2 h6 21.
Qxe4 Qf7 22. Qf5 g5 23. Qxc5 gxf4 24. gxf4 Qg7 25. Qh5 Kh8 26. Rg1 Rxd1 27.
Rxd1 Rg8 28. Rg1 Be7 29. Kf3 Qg3+ 30. Ke4 Kh7 31. Kd3 Rg6 32. Qf5 Kg7 33. Ke2
Bh4 34. Qd7+ Kh8 35. Qe8+ Rg8 36. Qe5+ Rg7 37. Qa1 Qg6 38. Kf3 Qc2 39. Qf1 Rg3#
0-1

[Event "VII Weekend Primavera"]
[Site "Genova ITA"]
[Date "2004.03.14"]
[Round "5"]
[White "Fossati, Remigio"]
[Black "Manfredi, Vincenzo"]
[Result "1-0"]
[WhiteElo "2109"]
[BlackElo "1909"]
[PlyCount "61"]
[EventDate "2004.03.12"]

1. e4 c5 2. Nf3 Nc6 3. d4 cxd4 4. Nxd4 Qb6 5. Nb3 Qc7 6. Bd3 e6 7. O-O Nf6 8.
Nc3 a6 9. a4 b6 10. Kh1 Be7 11. f4 d6 12. Be3 O-O 13. Rf3 Re8 14. Rg3 Rb8 15.
Qe2 Nb4 16. e5 dxe5 17. fxe5 Qxe5 18. Rxg7+ Kh8 19. Rxh7+ Kg8 20. Rg7+ Kh8 21.
Rg5 Nxd3 22. Rxe5 Nxe5 23. Bf4 Nc6 24. Bxb8 Nxb8 25. Ne4 Nbd7 26. Nd4 Bb7 27.
Ng5 Kg7 28. Rf1 Rh8 29. Ndxe6+ fxe6 30. Qxe6 Kf8 31. Qf7# 1-0

[Event "VII Weekend Primavera"]
[Site "Genova ITA"]
[Date "2004.03.14"]
[Round "5"]
[White "Molina, Fabrizio"]
[Black "Caleffi, Cesare"]
[Result "1-0"]
[WhiteElo "2243"]
[BlackElo "1828"]
[PlyCount "61"]
[EventDate "2004.03.12"]

1. c4 e5 2. g3 Bc5 3. Bg2 Nc6 4. Nc3 Nf6 5. a3 a5 6. e3 O-O 7. d3 d6 8. Nf3 Re8
9. O-O h6 10. h3 Bd7 11. Kh2 Qc8 12. b3 Ne7 13. d4 exd4 14. exd4 Bb6 15. Bb2 c6
16. d5 Bc7 17. Qd2 Kf8 18. Rfe1 Neg8 19. Rxe8+ Qxe8 20. Re1 Qd8 21. Qd3 Ne7 22.
Nh4 cxd5 23. Bxd5 Bc6 24. Nf5 Nexd5 25. cxd5 Bd7 26. Nxg7 Ng8 27. Nb5 Rc8 28.
Nf5 Qg5 29. Bg7+ Qxg7 30. Nxg7 Kxg7 31. Qc3+ 1-0

[Event "I Open Parco del Taro"]
[Site "Collecchio ITA"]
[Date "2004.03.12"]
[Round "1"]
[White "Bonugli, Carlo"]
[Black "Rigo, Filippo"]
[Result "1-0"]
[WhiteElo "2056"]
[BlackElo "1567"]
[PlyCount "69"]
[EventDate "2004.03.12"]

1. e4 Nf6 2. e5 Nd5 3. d4 d6 4. c4 Nb6 5. exd6 exd6 6. Nc3 Qe7+ 7. Be2 Nc6 8.
Nf3 Bg4 9. O-O O-O-O 10. b3 g6 11. Bg5 f6 12. Be3 Bg7 13. h3 Bd7 14. d5 Ne5 15.
a4 f5 16. Rc1 a5 17. Nb5 Bxb5 18. axb5 Nxf3+ 19. Bxf3 Bb2 20. Rb1 Bc3 21. Qc2
Bb4 22. Bd2 Bxd2 23. Qxd2 a4 24. bxa4 Nxa4 25. b6 Nxb6 26. Rfc1 Rhe8 27. Qa5 g5
28. c5 dxc5 29. Rxc5 Kb8 30. d6 Rxd6 31. Ra1 Kc8 32. Rxf5 Rf8 33. Re5 Qg7 34.
Bg4+ Kd8 35. Qa8+ 1-0

[Event "I Open Parco del Taro"]
[Site "Collecchio ITA"]
[Date "2004.03.12"]
[Round "1"]
[White "Ghirardi, Gianfranco"]
[Black "Ronchetti, Niccolo'"]
[Result "0-1"]
[WhiteElo "1597"]
[BlackElo "2219"]
[PlyCount "66"]
[EventDate "2004.03.12"]

1. f4 c5 2. Nf3 Nc6 3. e4 d5 4. exd5 Qxd5 5. Nc3 Qd8 6. Ng5 Nf6 7. Bc4 e6 8. d3
h6 9. Nf3 Be7 10. Ne5 Nd4 11. Bb5+ Nxb5 12. Nxb5 O-O 13. Qf3 Nd5 14. c4 Nb4 15.
O-O a6 16. Nc3 Nc2 17. Rb1 Nd4 18. Qf2 Qc7 19. Be3 Nf5 20. Bd2 b6 21. g4 Nd4
22. Be3 Nc6 23. Nxc6 Qxc6 24. Qf3 Bb7 25. Qxc6 Bxc6 26. Ne4 Rad8 27. Rbd1 f5
28. gxf5 exf5 29. Nc3 Rf6 30. Ne2 Re6 31. Kf2 Bf6 32. Ng3 g6 33. Bc1 Bd4+ 0-1

[Event "I Open Parco del Taro"]
[Site "Collecchio ITA"]
[Date "2004.03.12"]
[Round "1"]
[White "Grillo, Francesco"]
[Black "Di Giuseppe, Giovanni"]
[Result "0-1"]
[WhiteElo "1669"]
[BlackElo "1639"]
[PlyCount "72"]
[EventDate "2004.03.12"]

1. d4 Nf6 2. c4 g6 3. Nc3 d5 4. Nf3 Bg7 5. Qb3 dxc4 6. Qxc4 O-O 7. e4 Na6 8.
Bg5 c5 9. d5 h6 10. Bf4 Nd7 11. Qb3 Nb6 12. Bxa6 bxa6 13. O-O e6 14. Rad1 Qe8
15. Bd6 Kh7 16. Bxf8 Qxf8 17. Qc2 Rb8 18. b3 c4 19. d6 cxb3 20. axb3 Nd7 21.
Na4 Rb5 22. Nd4 Rh5 23. Nc6 Bb7 24. Ne7 Be5 25. f4 Bxd6 26. Rxd6 Qxe7 27. Qd3
Qh4 28. Qg3 Qe7 29. Rfd1 Nf6 30. Nc3 Bxe4 31. Qe3 Bf5 32. Rd7 Nxd7 33. Nd5 Qh4
34. h3 exd5 35. g4 Bxg4 36. Qe8 Qg3+ 0-1

[Event "I Open Parco del Taro"]
[Site "Collecchio ITA"]
[Date "2004.03.12"]
[Round "1"]
[White "Gualtieri, Primo"]
[Black "Rigo, Gianfrancesco"]
[Result "0-1"]
[WhiteElo "1522"]
[BlackElo "2033"]
[PlyCount "32"]
[EventDate "2004.03.12"]

1. e4 e5 2. f4 exf4 3. Nf3 g5 4. Nc3 g4 5. Ne5 Qh4+ 6. g3 fxg3 7. Qxg4 g2+ 8.
Qxh4 gxh1=Q 9. Qh5 Bb4 10. Nxf7 Nf6 11. Nd6+ Kd8 12. Qf7 Qf3 13. Qg7 Rg8 14.
Qf7 Bxd6 15. Nd5 Rf8 16. Qg7 Nxd5 0-1

[Event "I Open Parco del Taro"]
[Site "Collecchio ITA"]
[Date "2004.03.12"]
[Round "1"]
[White "Mantovani, Mario"]
[Black "Losi, Renzo"]
[Result "0-1"]
[WhiteElo "1480"]
[BlackElo "1789"]
[PlyCount "28"]
[EventDate "2004.03.12"]

1. d4 Nf6 2. Bf4 e6 3. Nf3 b6 4. e3 Bb7 5. Nbd2 Be7 6. c3 O-O 7. Bd3 c5 8. Qc2
Nc6 9. O-O-O cxd4 10. exd4 Rc8 11. Nc4 Nb4 12. Qb1 Nxd3+ 13. Qxd3 Ba6 14. Nfd2
d5 0-1

[Event "I Open Parco del Taro"]
[Site "Collecchio ITA"]
[Date "2004.03.12"]
[Round "1"]
[White "Marcori, Mirko"]
[Black "Guaglianone, Mario"]
[Result "1/2-1/2"]
[WhiteElo "1573"]
[BlackElo "2164"]
[PlyCount "120"]
[EventDate "2004.03.12"]

1. Nf3 Nf6 2. d4 g6 3. c4 Bg7 4. Nc3 O-O 5. e3 d6 6. Be2 Nbd7 7. O-O e5 8. dxe5
dxe5 9. e4 c6 10. b3 Re8 11. Be3 Qa5 12. Qc2 Nc5 13. a3 Ne6 14. b4 Qc7 15. Rad1
Ng4 16. Bc1 Nd4 17. Qb2 Bd7 18. Rd3 Nxe2+ 19. Qxe2 Be6 20. Nd2 f6 21. h3 Nh6
22. Rd1 Nf7 23. c5 Red8 24. Rxd8+ Rxd8 25. Nf3 g5 26. Rd2 h6 27. Qd1 Bf8 28.
Rxd8 Qxd8 29. Qxd8 Nxd8 30. Be3 Kf7 31. Kf1 Ke7 32. Nd2 Kd7 33. Ke2 Kc7 34. Kd3
h5 35. Ne2 h4 36. Nc3 g4 37. hxg4 Bxg4 38. f3 Bc8 39. Bf2 h3 40. gxh3 Bxh3 41.
Bh4 Bg7 42. Ne2 Ne6 43. Bf2 Kd7 44. Be3 Nc7 45. Ng1 Be6 46. Nc4 Bf8 47. Na5 Kc8
48. Bc1 Bd7 49. Nc4 Ne6 50. Ne2 Kc7 51. f4 exf4 52. Nxf4 Nxf4+ 53. Bxf4+ Kd8
54. Nd6 Bxd6 55. Bxd6 Bh3 56. Bb8 a6 57. Bd6 Kd7 58. Ke3 Ke6 59. Kf4 Bg2 60.
Bc7 Bh3 1/2-1/2

[Event "I Open Parco del Taro"]
[Site "Collecchio ITA"]
[Date "2004.03.12"]
[Round "1"]
[White "Ollari, Luca"]
[Black "Cottarelli, Franco"]
[Result "0-1"]
[WhiteElo "1500"]
[BlackElo "1932"]
[PlyCount "94"]
[EventDate "2004.03.12"]

1. e4 c6 2. d4 d5 3. e5 Bf5 4. g4 Bd7 5. f4 e6 6. Nf3 c5 7. Be3 cxd4 8. Bxd4
Nc6 9. Nc3 Nxd4 10. Qxd4 Ne7 11. Qd3 Nc6 12. O-O-O Qa5 13. Qb5 Qc7 14. Qe2 a6
15. h4 Bb4 16. Qd2 Rc8 17. a3 Ba5 18. Bd3 d4 19. Nxd4 Nxd4 20. Be4 Bxc3 21.
bxc3 Nb5 22. Rh3 Bc6 23. Bxc6+ Qxc6 24. c4 Na7 25. Rd3 O-O 26. Rd8 Qxc4 27.
Rxf8+ Rxf8 28. Qd7 Qxf4+ 29. Kb1 Nb5 30. Rd3 Qxe5 31. Qe7 Nc3+ 32. Kc1 Qf4+ 33.
Kb2 Nd5 34. Qd7 Qe5+ 35. Kc1 Qe1+ 36. Kb2 b5 37. h5 b4 38. Rb3 a5 39. axb4 axb4
40. Rd3 Qe5+ 41. Kc1 Qg5+ 42. Kb2 Qxg4 43. h6 Qg1 44. Qd6 Ra8 45. c4 bxc3+ 46.
Kc2 Qf2+ 47. Kb3 Qa2# 0-1

[Event "I Open Parco del Taro"]
[Site "Collecchio ITA"]
[Date "2004.03.12"]
[Round "1"]
[White "Panizzi, Giuseppe"]
[Black "Taglialatela, Massimiliano"]
[Result "1-0"]
[WhiteElo "1871"]
[BlackElo "1500"]
[PlyCount "63"]
[EventDate "2004.03.12"]

1. d4 d5 2. Nf3 Nf6 3. Bf4 e6 4. e3 c5 5. c3 Nbd7 6. Bd3 Be7 7. Nbd2 O-O 8. Ne5
Re8 9. O-O Nf8 10. Bg3 Bd6 11. f4 c4 12. Bc2 Bd7 13. Bh4 Be7 14. Qf3 Bc8 15.
Qh3 N6d7 16. Be1 f5 17. Ba4 a6 18. Bxd7 Bxd7 19. Ndf3 Qb6 20. Rf2 Bc6 21. g4
fxg4 22. Qxg4 Bf6 23. Rg2 Re7 24. Bh4 Bxh4 25. Qxh4 Qd8 26. Kh1 Be8 27. Rag1
Bg6 28. Nxg6 Nxg6 29. Qh3 Qf8 30. Ng5 Nh4 31. Qxh4 g6 32. Nf3 1-0

[Event "I Open Parco del Taro"]
[Site "Collecchio ITA"]
[Date "2004.03.12"]
[Round "1"]
[White "Pipitone, Antonio"]
[Black "Potenza, Gaetano"]
[Result "1/2-1/2"]
[WhiteElo "2034"]
[BlackElo "1528"]
[PlyCount "52"]
[EventDate "2004.03.12"]

1. e4 c5 2. Nf3 d6 3. d4 cxd4 4. Nxd4 Nc6 5. Be3 Nf6 6. Nc3 g6 7. Be2 Bg7 8.
O-O O-O 9. h3 Bd7 10. Qd2 Rc8 11. f4 Na5 12. Rad1 Nc4 13. Bxc4 Rxc4 14. Qd3 Qc8
15. f5 a6 16. Rf3 b5 17. a3 Qb7 18. Bg5 Nxe4 19. Qxe4 Qxe4 20. Nxe4 Bxd4+ 21.
Nf2 f6 22. b3 Bxf2+ 23. Rxf2 Rc5 24. Bh6 Bxf5 25. Rxf5 gxf5 26. Bxf8 Kxf8
1/2-1/2

[Event "I Open Parco del Taro"]
[Site "Collecchio ITA"]
[Date "2004.03.12"]
[Round "1"]
[White "Ruggeri, Dario"]
[Black "Monti, Giuseppe"]
[Result "1-0"]
[WhiteElo "1759"]
[BlackElo "1467"]
[PlyCount "105"]
[EventDate "2004.03.12"]

1. e4 e5 2. Nf3 Nc6 3. d4 exd4 4. c3 Nf6 5. e5 Qe7 6. cxd4 Ne4 7. Nc3 d5 8.
Nxd5 Qd8 9. Bc4 Bg4 10. O-O Be7 11. Qd3 Bf5 12. Qe2 O-O 13. Nxe7+ Qxe7 14. Bd3
f6 15. Bxe4 Bxe4 16. Qxe4 Rfe8 17. Qd5+ Kh8 18. exf6 Qxf6 19. Bg5 Qf8 20. Rfe1
Nb4 21. Qc4 c6 22. Bd2 Nd5 23. Ne5 Qf5 24. Re2 Re6 25. Rae1 Rf6 26. Nf3 Qg6 27.
Kh1 Raf8 28. Qb3 Rb8 29. Qxb7 Rff8 30. Qxa7 Rxb2 31. Ne5 Qh5 32. Qa3 Rbb8 33.
Nd7 Ra8 34. Qd6 Rfd8 35. Qe5 Qf7 36. Nc5 Nf6 37. Qe6 Qh5 38. Qh3 Qg6 39. Bc3
Nd5 40. Qg3 Qxg3 41. hxg3 Nxc3 42. Re6 Nxa2 43. Rxc6 Nb4 44. Rc7 Nd5 45. Rd7
Nf6 46. Rxd8+ Rxd8 47. Rd1 Ng4 48. Kg1 Rf8 49. f3 Ne3 50. Re1 Nf5 51. d5 Nxg3
52. d6 Rd8 53. d7 1-0